000 00545nam a2200193Ia 4500
005 20250326141129.0
008 250326s9999 xx 000 0 und d
020 _a0-333-61948-X
037 _aTextbook
040 _aFMSL
_beng
_cFMSL
041 _aeng
_2eng
084 _aX:8.41 N6
_qFMSL
100 _aLu Yung
_9743771
245 0 _aManagement decision making in Chinese enterprises
_cLu Yung
260 _aLondon
_bLondon, Macmillan Press
_c1996
300 _axvi,209
942 _cTB
_hX:8.41 N6
999 _c1288836
_d1288836